[Event "Irkutsk Veda"]
[Site "Irkutsk"]
[Date "2015.08.15"]
[Round "8"]
[White "Markov, Mikhail P"]
[Black "Zubakin, Leonid"]
[Result "1-0"]
[WhiteElo "1720"]
[BlackElo "1544"]
[PlyCount "77"]
[EventDate "2015.08.08"]
[EventType "swiss"]
[EventRounds "9"]
[EventCountry "RUS"]
[SourceTitle "EXT 2018"]
[Source "ChessBase"]
[SourceDate "2017.10.13"]
[SourceVersion "1"]
[SourceVersionDate "2017.10.13"]
[SourceQuality "1"]

1. e4 c5 2. f4 Nc6 3. c3 d5 4. e5 Bf5 5. d3 e6 6. h4 Qb6 7. g4 Bg6 8. h5 Bxh5 9. Rxh5 Nge7 10. Nf3 Ng6 11. Qb3 Qc7 12. c4 0-0-0 13. Nc3 dxc4 14. Qxc4 Nb4 15. Nb5 Qb6 16. a3 Nc6 17. Nd6+ Bxd6 18. exd6 Rxd6 19. Rxc5 Kb8 20. b4 Nge7 21. Bb2 f6 22. 0-0-0 Nd5 23. Re1 h5 24. g5 h4 25. Bh3 Ncxb4 26. axb4 Nxb4 27. Bd4 Rxd4 28. Nxd4 Nxd3+ 29. Qxd3 Qxc5+ 30. Nc2 fxg5 31. Rxe6 Qg1+ 32. Re1 Qh2 33. fxg5 a6 34. Re6 Qg1+ 35. Kb2 Qxg5 36. Qd6+ Ka8 37. Bf1 Rd8 38. Qb6 Rd1 39. Re8+ 1-0

[Event "Irkutsk Baykal op"]
[Site "Irkutsk"]
[Date "2015.06.07"]
[Round "9"]
[White "Popov, Petr"]
[Black "Markov, Mikhail P"]
[Result "0-1"]
[WhiteElo "1553"]
[BlackElo "1734"]
[PlyCount "48"]
[EventDate "2015.05.30"]
[EventType "swiss"]
[EventRounds "9"]
[EventCountry "RUS"]
[SourceTitle "EXT 2016"]
[Source "ChessBase"]
[SourceDate "2015.10.08"]
[SourceVersion "1"]
[SourceVersionDate "2015.10.08"]
[SourceQuality "1"]

1. e4 e5 2. Nf3 Nc6 3. Bc4 Bc5 4. c3 Bb6 5. 0-0 d6 6. Re1 Bg4 7. d3 h6 8. b4 Nf6 9. Nbd2 g5 10. Qb3 0-0 11. a4 a5 12. b5 Ne7 13. h4 gxh4 14. Nxh4 Kg7 15. Qc2 Rg8 16. Bb2 Nh5 17. d4 Nf4 18. f3 Bd7 19. Kh2 Kh7 20. Bxf7 Rg7 21. Bc4 Nf5 22. Nxf5 Rxg2+ 23. Kh1 Bxf5 24. exf5 Qh4# 0-1

[Event "Irkutsk Baykal op"]
[Site "Irkutsk"]
[Date "2015.06.06"]
[Round "8"]
[White "Markov, Mikhail P"]
[Black "Nevsky, Igor"]
[Result "0-1"]
[WhiteElo "1734"]
[BlackElo "1830"]
[PlyCount "90"]
[EventDate "2015.05.30"]
[EventType "swiss"]
[EventRounds "9"]
[EventCountry "RUS"]
[SourceTitle "EXT 2016"]
[Source "ChessBase"]
[SourceDate "2015.10.08"]
[SourceVersion "1"]
[SourceVersionDate "2015.10.08"]
[SourceQuality "1"]

1. e4 c5 2. f4 e6 3. h4 d5 4. e5 Nc6 5. c3 Be7 6. Nf3 Nh6 7. Bd3 0-0 8. h5 c4 9. Bc2 d4 10. d3 dxc3 11. bxc3 cxd3 12. Bxd3 Nf5 13. g4 Nh4 14. g5 Nf5 15. Qc2 Qd5 16. Be4 Qc5 17. Bxf5 exf5 18. Nh4 Re8 19. Qe2 Be6 20. Be3 Qa5 21. 0-0 Bc5 22. a4 Rad8 23. Kf2 Rd7 24. Qb5 Bxe3+ 25. Kxe3 Red8 26. Rc1 a6 27. Qxa5 Nxa5 28. Re1 Rd3+ 29. Kf2 Rh3 30. Nf3 Bd5 31. Nd4 Nc6 32. Nd2 Rxc3 33. Nxf5 Rh3 34. Nd6 Nb4 35. Red1 Nd3+ 36. Kf1 Nxf4 37. Rab1 Rh1+ 38. Kf2 Rxd1 39. Rxd1 Nd3+ 40. Ke3 Nxe5 41. Kd4 Rxd6 42. Kxe5 Rd7 43. Ne4 Bc6 44. Nd6 Bxa4 45. Rc1 Bc6 0-1

[Event "Irkutsk Baykal op"]
[Site "Irkutsk"]
[Date "2015.06.05"]
[Round "7"]
[White "Ladyzhinsky, Igor"]
[Black "Markov, Mikhail P"]
[Result "1-0"]
[WhiteElo "1890"]
[BlackElo "1734"]
[PlyCount "85"]
[EventDate "2015.05.30"]
[EventType "swiss"]
[EventRounds "9"]
[EventCountry "RUS"]
[SourceTitle "EXT 2016"]
[Source "ChessBase"]
[SourceDate "2015.10.08"]
[SourceVersion "1"]
[SourceVersionDate "2015.10.08"]
[SourceQuality "1"]

1. d4 Nf6 2. Bf4 e6 3. e3 c5 4. c3 Nc6 5. Nd2 a6 6. Ngf3 Nh5 7. Bg5 f6 8. Bh4 g6 9. Be2 Ng7 10. Ne4 g5 11. Nfxg5 h5 12. Nf3 Be7 13. Nxc5 d5 14. Bd3 b6 15. Nb3 Kf7 16. Bg3 Nf5 17. Bf4 h4 18. Qc2 Qg8 19. Rg1 Ra7 20. h3 Qg7 21. 0-0-0 Nd6 22. g3 Nf5 23. Bxf5 exf5 24. Nxh4 Qh7 25. Qe2 Be6 26. Rh1 Rc8 27. Kb1 a5 28. a4 Rb7 29. Qa6 Nd8 30. Qb5 Rc6 31. Nf3 Qg8 32. Nfd2 Kg7 33. g4 Bd7 34. Qe2 fxg4 35. hxg4 Kf7 36. Rh4 f5 37. g5 Rg6 38. Nf3 Ke6 39. Ne5 Bxa4 40. Nxg6 Bxb3 41. Rh8 Qf7 42. Rdh1 Kd7 43. Ne5+ 1-0

[Event "Irkutsk Baykal op"]
[Site "Irkutsk"]
[Date "2014.06.13"]
[Round "7"]
[White "Ergeshov, Chingiz"]
[Black "Markov, Mikhail P"]
[Result "1-0"]
[WhiteElo "1650"]
[BlackElo "1803"]
[PlyCount "187"]
[EventDate "2014.06.07"]
[EventType "swiss"]
[EventRounds "9"]
[EventCountry "RUS"]
[SourceTitle "CBM 161 Extra"]
[Source "ChessBase"]
[SourceDate "2014.08.29"]
[SourceVersion "1"]
[SourceVersionDate "2014.08.29"]
[SourceQuality "1"]

1. d4 Nf6 2. c4 e6 3. Nc3 Bb4 4. e3 Bxc3+ 5. bxc3 c5 6. Bd3 Qa5 7. Qc2 Nc6 8. Nf3 d6 9. 0-0 Bd7 10. e4 Qc7 11. Bg5 e5 12. Rfb1 b6 13. dxc5 dxc5 14. Be2 Be6 15. Rd1 Nd7 16. Nd2 f6 17. Be3 Na5 18. Rf1 g5 19. Rfb1 h5 20. Qa4 Ke7 21. Nf1 Rad8 22. Rd1 Qb7 23. f3 g4 24. Bf2 gxf3 25. gxf3 h4 26. Ne3 h3 27. Kh1 Rhg8 28. Rg1 Kf7 29. Rad1 Rxg1+ 30. Rxg1 Nf8 31. Rd1 Rxd1+ 32. Qxd1 Ng6 33. Bg3 Qa6 34. Qa4 Qc8 35. Qc2 Qd7 36. Kg1 Nb7 37. Kf2 Nd6 38. Bd3 Ne8 39. Bf1 Kf8 40. Nd5 Kf7 41. Qd2 Kg7 42. Bd3 Qf7 43. Ne3 Ne7 44. Qc2 Nd6 45. Nd5 Ng6 46. Qe2 Qb7 47. Kg1 a6 48. f4 Bxd5 49. exd5 exf4 50. Bxf4 Nxf4 51. Qg4+ Kf8 52. Qxf4 Qg7+ 53. Kf2 Qg2+ 54. Ke1 Ne8 55. Be4 Qg5 56. Qxg5 fxg5 57. Kf2 Nf6 58. Bd3 Ke7 59. Bf5 Kd6 60. Kg3 Ke5 61. Bxh3 Ne4+ 62. Kg4 Nf2+ 63. Kg3 Ne4+ 64. Kg4 Kf6 65. Bf1 Nxc3 66. a3 Nb1 67. a4 Nc3 68. Bd3 Nxa4 69. Bf5 Nb2 70. d6 Nxc4 71. d7 Ne5+ 72. Kg3 Nc6 73. Bd3 b5 74. Kf3 c4 75. Bb1 Nd8 76. Ke3 Ne6 77. Ke4 Ke7 78. Kd5 Kxd7 79. Bf5 Kc7 80. Bxe6 Kb6 81. Kd4 Ka5 82. Kc3 Ka4 83. Bd7 Ka3 84. h3 Ka4 85. Be8 Ka5 86. Bd7 Ka4 87. Be8 a5 88. Bd7 Ka3 89. Bxb5 Ka2 90. Bxc4+ Kb1 91. Kd4 a4 92. Ke5 a3 93. Kf5 Kb2 94. Kxg5 1-0

[Event "Irkutsk Baykal op"]
[Site "Irkutsk"]
[Date "2014.06.09"]
[Round "3"]
[White "Sorokovikov, Vasily"]
[Black "Markov, Mikhail P"]
[Result "1-0"]
[WhiteElo "1643"]
[BlackElo "1803"]
[PlyCount "161"]
[EventDate "2014.06.07"]
[EventType "swiss"]
[EventRounds "9"]
[EventCountry "RUS"]
[SourceTitle "CBM 161 Extra"]
[Source "ChessBase"]
[SourceDate "2014.08.29"]
[SourceVersion "1"]
[SourceVersionDate "2014.08.29"]
[SourceQuality "1"]

1. d4 Nf6 2. Nf3 e6 3. c4 Ne4 4. Qc2 f5 5. e3 c5 6. d5 g5 7. Bd3 Qa5+ 8. Nc3 Nxc3 9. bxc3 Bg7 10. Bd2 g4 11. Ng1 0-0 12. Ne2 d6 13. Ng3 Be5 14. 0-0 Qc7 15. f4 gxf3 16. Rxf3 Qg7 17. Nh5 Qg5 18. Nf4 Bxf4 19. exf4 Qh6 20. Rh3 Qf6 21. Re1 Na6 22. dxe6 Bxe6 23. Rh5 Rf7 24. Re3 Raf8 25. Reh3 Nc7 26. Rh6 Qe7 27. Qd1 Rg7 28. Qh5 Rff7 29. Be1 d5 30. Bh4 Qd6 31. Bf6 Ne8 32. Bxg7 Nxg7 33. Qg6 dxc4 34. Rxh7 Kf8 35. Rxg7 Qxf4 36. Rg8+ Ke7 37. Bf1 Bd5 38. Qg5+ Qxg5 39. Rxg5 Ke6 40. Re3+ Kf6 41. Rh5 Rg7 42. Rh6+ Kg5 43. Rd6 Kf4 44. Rg3 Rxg3 45. hxg3+ Ke5 46. Rd8 a5 47. Rc8 Kd6 48. Ra8 b6 49. Rd8+ Kc6 50. Rf8 Be6 51. Rf6 Kd7 52. Be2 b5 53. Rf8 a4 54. Rb8 b4 55. cxb4 c3 56. Bd3 Bxa2 57. bxc5 Bb3 58. Bxf5+ Kc6 59. Rc8+ Kd5 60. c6 c2 61. Bxc2 Bxc2 62. c7 Kd6 63. Kf2 Kd7 64. Ra8 Kxc7 65. Ra7+ Kd6 66. Ke3 Ke5 67. Ra5+ Ke6 68. g4 Kf7 69. Kf4 Ke6 70. Ra6+ Ke7 71. Ke5 Kf7 72. g5 Bb3 73. Rf6+ Kg7 74. Kf5 a3 75. Ra6 a2 76. Ra7+ Kf8 77. Kf6 Ke8 78. Kg7 Kd8 79. Kh8 Kc8 80. g6 Kb8 81. Ra3 1-0

[Event "Irkutsk-ch"]
[Site "Irkutsk"]
[Date "2014.02.13"]
[Round "5"]
[White "Eliseev, Nikolay"]
[Black "Markov, Mikhail P"]
[Result "0-1"]
[WhiteElo "1799"]
[BlackElo "1781"]
[PlyCount "90"]
[EventDate "2014.02.02"]
[EventType "swiss"]
[EventRounds "9"]
[EventCountry "RUS"]
[SourceTitle "CBM 159 Extra"]
[Source "ChessBase"]
[SourceDate "2014.04.24"]
[SourceVersion "1"]
[SourceVersionDate "2014.04.24"]
[SourceQuality "1"]

1. Nf3 Nf6 2. d4 e6 3. e3 c5 4. Bd3 Nc6 5. b3 a6 6. Bb2 b5 7. a3 Bb7 8. Nbd2 cxd4 9. exd4 Qc7 10. 0-0 Rc8 11. Qe2 Nd5 12. g3 Nb6 13. Rae1 Ne7 14. Ne5 d6 15. Ng4 h5 16. Ne3 h4 17. Ng2 h3 18. Nf4 g5 19. d5 e5 20. Nh5 Nexd5 21. c4 bxc4 22. bxc4 Ne7 23. Nf6+ Kd8 24. Rd1 Nd7 25. Nde4 Nxf6 26. Nxf6 Rh6 27. Ng4 Re6 28. c5 Qc6 29. f3 Qxc5+ 30. Rf2 f5 31. Ne3 f4 32. Nf5 fxg3 33. hxg3 h2+ 34. Kxh2 g4 35. fxg4 e4 36. Nxd6 Rh6+ 37. Kg1 Rxd6 38. Kf1 Bh6 39. Rf7 Rxd3 40. Bf6 Qe3 41. Rxd3+ Qxd3 42. Rxe7 Rc1+ 43. Kf2 Rc2 44. Rxe4+ Kc8 45. Rc4+ Qxc4 0-1

[Event "Irkutsk-ch"]
[Site "Irkutsk"]
[Date "2014.02.06"]
[Round "2"]
[White "Markov, Mikhail P"]
[Black "Tunik, Sergey"]
[Result "0-1"]
[WhiteElo "1781"]
[BlackElo "2171"]
[PlyCount "58"]
[EventDate "2014.02.02"]
[EventType "swiss"]
[EventRounds "9"]
[EventCountry "RUS"]
[SourceTitle "CBM 159 Extra"]
[Source "ChessBase"]
[SourceDate "2014.04.24"]
[SourceVersion "1"]
[SourceVersionDate "2014.04.24"]
[SourceQuality "1"]

1. e4 e6 2. f4 c5 3. Nf3 Nc6 4. c3 Nf6 5. d3 d6 6. Be2 Be7 7. a3 0-0 8. b4 c4 9. Qc2 cxd3 10. Bxd3 g6 11. Nbd2 Re8 12. Bb2 b6 13. 0-0-0 Bb7 14. Rhg1 Rc8 15. g4 e5 16. f5 Nd4 17. Nxd4 exd4 18. g5 Nh5 19. f6 dxc3 20. Bxc3 Nxf6 21. Kb2 Nh5 22. Bc4 d5 23. exd5 Bxd5 24. Bb5 Bxg5 25. Bxe8 Rxc3 26. Qa4 Rd3 27. Ne4 Bxe4 28. Rxd3 Bf6+ 29. Rc3 Qd2+ 0-1

[Event "Irkutsk Ermolaev Memorial 7th"]
[Site "Irkutsk"]
[Date "2013.08.07"]
[Round "5"]
[White "Feofilova, Elizaveta"]
[Black "Markov, Mikhail P"]
[Result "1/2-1/2"]
[WhiteElo "1732"]
[BlackElo "1737"]
[PlyCount "129"]
[EventDate "2013.08.02"]
[EventType "swiss"]
[EventRounds "9"]
[EventCountry "RUS"]
[SourceTitle "CBM 155 Extra"]
[Source "ChessBase"]
[SourceDate "2013.08.26"]
[SourceVersion "1"]
[SourceVersionDate "2013.08.26"]
[SourceQuality "1"]

1. d4 Nf6 2. c4 e6 3. Nc3 Bb4 4. f3 Bxc3+ 5. bxc3 Nc6 6. e4 d6 7. Ne2 Na5 8. Ng3 c5 9. Bg5 Qc7 10. Bxf6 gxf6 11. Nh5 Ke7 12. Be2 b6 13. d5 Rg8 14. 0-0 Ba6 15. dxe6 fxe6 16. Qd2 Raf8 17. Qh6 Rf7 18. e5 fxe5 19. Bd3 Bxc4 20. Bxh7 Rh8 21. Qg5+ Kd7 22. Bg6 Rff8 23. Nf6+ Kc8 24. Rfd1 Qe7 25. Ne4 Qxg5 26. Nxg5 Rfg8 27. Nf7 Rxg6 28. Nxh8 Rg7 29. Rxd6 Bd5 30. Rd1 Bxf3 31. Rd8+ Kc7 32. R1d7+ Rxd7 33. Rxd7+ Kxd7 34. gxf3 Ke7 35. Ng6+ Kf6 36. Nf8 Nc6 37. h4 Kf7 38. Nh7 b5 39. Kf2 Ne7 40. Ng5+ Kg6 41. Nxe6 Nd5 42. Nxc5 Nxc3 43. a3 Nb1 44. a4 b4 45. Nd3 b3 46. Nxe5+ Kf5 47. Nc4 Kf4 48. h5 Kg5 49. Nb2 Kxh5 50. Ke3 Kg5 51. Nd3 Nc3 52. a5 Nb5 53. Kd2 Kf5 54. Kc1 Nd4 55. f4 Ke4 56. Nc5+ Kd5 57. Na4 Kc4 58. Kb2 Kb4 59. Nc3 Kxa5 60. f5 Kb4 61. f6 a5 62. f7 Ne6 63. Nd5+ Kc4 64. Ne3+ Kd3 65. Kxb3 1/2-1/2

[Event "Irkutsk Ermolaev Memorial 7th"]
[Site "Irkutsk"]
[Date "2013.08.05"]
[Round "3"]
[White "Demin, Petr"]
[Black "Markov, Mikhail P"]
[Result "1-0"]
[WhiteElo "1967"]
[BlackElo "1737"]
[PlyCount "100"]
[EventDate "2013.08.02"]
[EventType "swiss"]
[EventRounds "9"]
[EventCountry "RUS"]
[SourceTitle "CBM 155 Extra"]
[Source "ChessBase"]
[SourceDate "2013.08.26"]
[SourceVersion "1"]
[SourceVersionDate "2013.08.26"]
[SourceQuality "1"]

1. e4 e5 2. Nf3 Nc6 3. Bb5 Nge7 4. 0-0 a6 5. Bc4 Ng6 6. d4 exd4 7. Nxd4 Nce5 8. Bb3 c5 9. f4 c4 10. fxe5 cxb3 11. axb3 Nxe5 12. c3 g6 13. Bf4 Bg7 14. Qd2 0-0 15. Na3 d6 16. Nc4 Rb8 17. Nf3 b5 18. Qxd6 bxc4 19. Qxb8 Nc6 20. Qc7 Qxc7 21. Bxc7 Bb7 22. bxc4 Re8 23. e5 Ne7 24. Nd4 g5 25. Rad1 Ng6 26. c5 Bd5 27. Nf5 Bb3 28. Nxg7 Kxg7 29. Rde1 Nf4 30. Bd6 Bd5 31. Rxf4 gxf4 32. Rf1 f6 33. exf6+ Kxf6 34. Rxf4+ Kg6 35. Kf2 Bb3 36. c6 Bd1 37. c7 a5 38. Rc4 Rc8 39. Rd4 Bc2 40. g4 Kf6 41. Bf4 Ke7 42. Kg3 Bb3 43. Kh4 Be6 44. Ra4 Ra8 45. b4 Rg8 46. h3 axb4 47. cxb4 Bc8 48. b5 Rg6 49. Re4+ Kf7 50. Rd4 Rg8 1-0